000 00686nam a2200229 u 4500
005 20240228063929.0
008 080523s2006 r 000 0 eng d
020 _a9501117871
035 _aUPN01000156188
049 _aI
050 4 _aPZ71
_bM3.53
100 1 _aMaisner, Heather
_936915
245 1 0 _aMe toca a mí /
_cHeather Maisner ; tr. Pina Rodríguez ; il. Kristina Stephenson.
260 _aBuenos Aires :
_bSigmar,
_c2006.
300 _a[22] p. :
_bil. col.
440 0 _aQué me pasa
650 4 _aLibros y lectura para niños
_92290
650 4 _aCOMPAÑERISMO
_910313
650 2 _aSocialización
_97257
700 1 _aStephenson, Kristina,
_eil.
905 _aInfantil
999 _c128302
_d128302